Memory Test - Click Quiz - Statistics

General Stats
  • This quiz has been taken 66 times
  • The average score is 8 of 25
Answer Stats
Hint Answer % Correct
1. The answer is 3 3
100%
2. The answer is 2
The answer to Question 3 is 1
2
96%
3. The answer to question 5 is 2 1
81%
4. The answer is 5
The answer to question 10 is 2
5
78%
5. The answer to question 25 is 3 2
56%
6. The answer is 2
The answer to question 8 is 2
The answer to question 11 is 4
2
46%
7. The answer is 4
The answer question 19 is 5
4
43%
8. The answer to question 16 is 5
The answer to question 9 is 5
2
30%
12. The answer to question 20 is 3 1
26%
9. The answer to question 13 is 5
The answer to question 16 is 5
5
26%
14. The answer to question 15 is the answer to question 7
The answer to question 18 is 1
4
22%
10. Question 4 had the answer
The answer to question 23 is 3
2
20%
13. The answer is question 22 is 4
The answer to question 14 is 4
The answer to question 24 is 3
5
19%
23. 3
17%
24. 3
17%
11. The answer to the next question is 1 4
17%
20. Congrats if you made it this far! 3
11%
22. 4
11%
19. The answer to question 22 is the amount of times the word "Text" had appeared in the previous question 5
11%
25. What's the answer? 3
9%
16. The answer to the next question is the answer to the third question 5
9%
18. Top Text
Middle Text
Bottom Text

Lonely Text
1
7%
21. No more hints 1
6%
15. [INSERT TEXT HERE] 4
6%
17. The answer to question 21 is the answer to the next question 1
4%
No matching quizzes found
Score Distribution
Percent of People with Each Score
Percentile by Number Answered
Your Score History
You have not taken this quiz